|
|
|
|
| LEADER |
00000nab a2200000 a 4500 |
| 001 |
vtls010496489 |
| 003 |
SK-MaSNL |
| 005 |
20260305002547.0 |
| 008 |
250708c2012 xo ||||||||||||00 b|slo |
| 015 |
|
|
|a SNBRB2013/03
|
| 035 |
|
|
|a (uuid)4c3efc02-6b09-46c1-8252-004987fa5c92
|
| 035 |
|
|
|a urn:nbn:sk:snk-ab1n95
|
| 035 |
|
|
|a (urnnbn)urn:nbn:sk:snk:ar-004l9h
|
| 038 |
|
|
|a SVKPOCL
|
| 040 |
|
|
|a SNKBUCL
|b slo
|c SNKBUCL
|e AACR2
|
| 041 |
0 |
|
|a slo
|
| 044 |
|
|
|a xo
|c SK
|
| 080 |
|
|
|a 811.162.4
|2 2001
|
| 080 |
|
|
|a 81'1
|2 2001
|
| 080 |
|
|
|a 80(=16)+908(4)
|2 2001
|
| 080 |
|
|
|a 34
|2 2001
|
| 080 |
|
|
|a 81'373.6
|2 2001
|
| 080 |
|
|
|a 81'25
|2 2001
|
| 080 |
|
|
|a (048.8)
|2 2001
|
| 100 |
1 |
|
|a Kuchar, Rudolf,
|d 1937-1
|4 aut
|9 106704
|
| 245 |
1 |
0 |
|a Čo hovoria právne ustanovenia v stredovekom kódexe o slovenčine a Slovákoch
|c Rudolf Kuchar
|
| 500 |
|
|
|a Dostupné on-line na http://www.juls.savba.sk/ediela/ks/2010/5/ks2010-5.pdf
|
| 504 |
|
|
|a Bibliogr. odkazy
|
| 630 |
0 |
7 |
|a Žilinská právna kniha
|2 snkbucl
|9 702311
|
| 650 |
0 |
7 |
|a slovenčina
|2 svkpocl
|9 1350
|
| 650 |
0 |
7 |
|a lingvistika
|2 svkpocl
|9 860
|
| 650 |
0 |
7 |
|a právo
|2 svkpocl
|9 976
|
| 650 |
0 |
7 |
|a magdeburské právo
|2 svkpocl
|9 598997
|
| 650 |
0 |
7 |
|a etymológia
|2 svkpocl
|9 16982
|
| 650 |
0 |
7 |
|a preklad
|2 svkpocl
|9 25315
|
| 655 |
|
7 |
|a štúdie
|2 svkpocl
|9 57033
|
| 773 |
0 |
|
|t Kultúra slova
|g Roč. 44, č. 5 (2010), s. 262-271
|x 0023-5202
|
| 850 |
|
|
|a Slovenská národná knižnica
|
| 852 |
|
|
|a Slovenská národná knižnica
|
| 856 |
4 |
1 |
|a http://www.juls.savba.sk/ediela/ks/
|
| 856 |
4 |
1 |
|a http://www.juls.savba.sk/ediela/ks/2010/5/ks2010-5.pdf
|
| 954 |
|
|
|a odborná, vedecká literatúra pôvodná (slovenská)
|2 lita
|
| 958 |
|
|
|a article27
|
| 958 |
|
|
|a OND
|
| 958 |
|
|
|a SS
|
| 958 |
|
|
|a NB
|
| 958 |
|
|
|a EUIPO
|
| 999 |
|
|
|c 3226025
|d 3227955
|